01160naa a2200229 i 45000010005000000030009000050050017000140080039000310400021000700800012000911000132001032450086002355000021003215200078003426500027004206500029004477000143004767730246006199420013008659990015008789520037008931341KOSZ 00520180109141746.0140602s2008 pl f |000 0 pol cBPKdKOSZ 005/EG a658.5661 aKORCZAK, Jerzy.d2000 - .bPolitechnika Koszalińska - Wydział Ekonomii i Zarządzania,cKatedra Organizacji i Zarządzania10aLogistyczne modelowanie funkcji zaopatrzenia /cJerzy Korczak, Dariusz Woźniak. aDane z autopsji. aW artykule przeanalizowano podstawowe aspekty związane z zaopatrzeniem. 0aLogistyka gospodarcza. 0aGospodarka materiałowa.1 aWOŹNIAK, Dariusz.d1996 - .bPolitechnika Koszalińska - Wydział Mechaniczny,cCentrum Niekonwencjonalnych Technik Hydrostrumieniowych0 iW :tInstytucjonalne i rynkowe uwarunkowania rozwoju małych i średnich przedsiębiorstw w Polsce : praca zbiorowa / pod red. Eugeniusza Michalskiego i Stanisława Piochy. -dKoszalin : Polskie Towarzystwo Ekonomiczne, 2008. -gs. 286-295 cROZ2UKD c1341d1341 00104070aBPKbBPKo91195yROZ